000 00421nam a2200157Ia 4500
005 20240807062313.0
008 240806s9999||||xx |||||||||||||| ||eng||
041 _aeng
082 _a720.954
_bACHH
100 _aAcharya, Prasanna Kumar
245 0 _aHindu architecture in india and abroad /
_cAcharya, Prasanna Kumar
260 _bLow Price Publications, Delhi
300 _a508p.
650 _aPolitics
942 _cBK
999 _c14872
_d14872